000 00546cam a22001337a 4500
008 180718b2012 xxu||||| |||| 00| 0 eng d
082 _aAPPPA 2011-12BANI
100 _aBanga, Rajesh
245 _aSignificance of detailed planning in CPWD construction projects: an hasty start seldom leads to successful finish
_cby Rajesh Banga
260 _aNew Delhi
_bIndian Institute of Public Administration
_c2012
300 _a100p.
500 _aAn APPPA M. PHil dissertation, 2011-12 (Guide: Dr. Kusum Lata)
650 _andia. Central Public Works Dept.B
999 _c502588
_d502588